| 000 | 00464nam a2200169Ia 4500 | ||
|---|---|---|---|
| 008 | 230917s9999||||xx |||||||||||||| ||und|| | ||
| 020 | _cUSD146.99 | ||
| 040 |
_e258189 _aMAIN |
||
| 041 | _aEnglish | ||
| 082 | _a660.6024576 C784M | ||
| 100 | _aCooper, Elsa, ed. | ||
| 245 | 0 | _aMicrobial biotechnology | |
| 260 |
_aNew York _bSyrawood Publishing House _c2019 |
||
| 300 | _avi, 206 p. | ||
| 500 | _a3655 09/10/2019 IBS19/128 09/10/2019 Main Budget | ||
| 942 | _cBK | ||
| 999 |
_c33111 _d33111 |
||